1174 1328 1220 1905 1054 1174 1943 1351 1592 1423 1720 1565 1710 1450 1332 1549 1295 1140 1965 1106 1639 1395 1577 1044 1296 1981 1712 1666 1364 1210 1795 1203 1636 1606 1389 1620 1992 1610 1760 1739 1121 1071 1265 1255 1853 1326 1224 1738 1874 1462 1055 1290 1095 1617 1554 1911 1075 1510 1720 1969 1230 1220 1825 1316 1301 1961 1859 1404 1151 1809 1376 1381 1702 1792 1656 1995 1055 1341 1172 1578 1434 1830 1790 1247 1254 1647 1775 1081 1920 1900 1633 1461 1109 1568 1458 1754 1685 1186 1817 BCNSPRNW ULIB Ver.6.0+V

เปลี่ยนเป็นภาษาไทย

Change to English
 แสดงรายละเอียดบรรณานุกรม
  กลับหน้าหลัก

Brief Record : Get Marc (ISO 2709) : E-mail record : QR code < ปิดหน้าต่าง
LEADER : 00000nam 2200000uu 4500
001    13399129191
003     ULIB
008    260423s2567||||th 000 0 tha d
020    ^a9786169321330
060  4 ^aWY150^bภ927น
100 0  ^aภัทรารัตน์ ตันนุกิจ, สุวดี สุขีนิตย์, จิราพร เชาว์โพธิ์ทอง,^eบรรณาธิการ.
245 0   ^aแนวทางการพยาบาลผู้ป่วยได้รับสารน้ำทางหลอดเลือดดำ^c/ กองบรรณาธิการ, ภัทรารัตน์ ตันนุกิจ, สุวดี สุขีนิตย์, จิราพร เชาว์โพธิ์ทอง.
260    ^aaกรุงเทพฯ :^bสมาคมเครือข่ายพยาบาลผู้ให้สารน้ำทางหลอดเลือดดำ,^c2567.
300    ^aa148 หน้า :^bภาพประกอบ.
505 0  ^aมาตรฐานของแนวทางการพยาบาลผู้ป่วยได้รับสารน้ำทางหลอดเลือดดำ -- การให้ความรู้แก่ผู้ป่วย/ญาติ/ผู้ดูแลผู้ป่วยที่ได้รับสารน้ำ/ยา/เลือดและส่วนประกอบของเลือด -- การบันทึกทางการพยาบาล -- การเลือกตำแหน่งในการให้สารน้ำ/ยา/เลือดและส่วนประกอบของเลือดและการแทงสายสวนหลอดเลือดดำ -- การดูแลบริเวณตำแหน่งที่ให้สารน้ำ/ยา/เลือดและส่วนประกอบของเลือด -- การจัดการอุปกรณ์ที่เกี่ยวข้องกับการให้สารน้ำทางหลอดเลือดดำ -- การล้างและหล่อสายสวนหลอดเลือดดำ -- การป้องกันและควบคุมการติดเชื้อจากการให้สารน้ำ/ยา/เลือดและส่วนประกอบของเลือด -- ภาวะแทรกซ้อนจากการให้สารน้ำทางหลอดเลือดดำ -- การบริหารยาหลายรายการพร้อมกันทางหลอดเลือดดำ -- การให้เลือดและส่วนประกอบของเลือด -- การให้สารอาหารทางหลอดเลือดดำ -- การจัดการกรณีผู้ป่วยหาเส้นเลือดยาก -- การพยาบาลผู้ป่วยใส่สายสวนหลอดเลือดดำส่วนกลาง.
650  4 ^aการให้สารละลายทางหลอดเลือดดำ^xการพยาบาล
700 0  ^aจิราพร เชาว์โพธิ์ทอง
700 0  ^aภัทรารัตน์ ตันนุกิจ
700 0  ^aสุวดี สุขีนิตย์
710 2  ^aสมาคมเครือข่ายพยาบาลผู้ให้สารน้ำทางหลอดเลือดดำ
945    ^a^p600^l0^i011447
999    ^aกัณชพร
รายการนี้ยังไม่มีแท็ก
คุณยังไม่ได้ล็อกอิน คุณสามารถมีกิจกรรมร่วมกับเว็บไซต์ได้ แต่ต้องล็อกอินก่อน ::
  ล็อกอิน

รายการสื่อสารสนเทศ

ลำดับที่ ประเภท เลขเรียก/บาร์โค้ด สถานที่ สถานะ
1. วิทยาศาสตร์การแพทย์ และสุขภาพ
วิทยาศาสตร์การแพทย์ และสุขภาพ
WY150 ภ927น ฉ.1 
  Barcode: 30606
ห้องสมุดวิทยาเขตสวรรค์ประชารักษ์
►หนังสือทั่วไป
บนชั้น
2. วิทยาศาสตร์การแพทย์ และสุขภาพ
วิทยาศาสตร์การแพทย์ และสุขภาพ
WY150 ภ927น ฉ.2 
  Barcode: 30607
ห้องสมุดวิทยาเขตสวรรค์ประชารักษ์
►หนังสือทั่วไป
บนชั้น
3. วิทยาศาสตร์การแพทย์ และสุขภาพ
วิทยาศาสตร์การแพทย์ และสุขภาพ
WY150 ภ927น ฉ.3 
  Barcode: 30608
ห้องสมุดวิทยาเขตสวรรค์ประชารักษ์
►หนังสือทั่วไป
บนชั้น
4. วิทยาศาสตร์การแพทย์ และสุขภาพ
วิทยาศาสตร์การแพทย์ และสุขภาพ
WY150 ภ927น ฉ.4 
  Barcode: 30609
ห้องสมุดวิทยาเขตสวรรค์ประชารักษ์
►หนังสือทั่วไป
บนชั้น

BibComment


ยังไม่เคยถูกคอมเมนท์

คอมเมนท์ทรัพยากรรายการนี้
  คอมเมนท์: แนวทางการพยาบาล..


 Copyright 2026. Bcnsprnw @Library